000 00794nam a2200241Ia 4500
003 OSt
005 20220926030607.0
006 a|||||r|||| 00| 0
007 ta
008 220923b |||||||| |||| 00| 0 eng d
020 _a9780691157320
_c785.70000000000005
037 _bVMB/13-14/56, 16/08/2013, VARDHMAN
_cGeneral Book
040 _aRTL
_cRTL
_beng
041 _2eng
_aeng
082 _aX:770gT, Q3
100 _aLINDSEY Brink
_9334591
245 0 _aHuman capitalism
_b How economic growth has made us smarter and more unequal
260 _aPrinceton
_bPrinceton University Press
_c2013
300 _avii, 136p
_ccm.
650 _aEconomics
942 _hX:770gT, Q3
_cGB
_2CC
999 _c650278
_d650278